<?xml version="1.0" encoding="UTF-8"?>
<record
    xmlns:xsi="http://www.w3.org/2001/XMLSchema-instance"
    xsi:schemaLocation="http://www.loc.gov/MARC21/slim http://www.loc.gov/standards/marcxml/schema/MARC21slim.xsd"
    xmlns="http://www.loc.gov/MARC21/slim">

  <leader>00597nam a22001817a 4500</leader>
  <controlfield tag="005">20231114064654.0</controlfield>
  <controlfield tag="008">231114b        |||||||| |||| 00| 0 eng d</controlfield>
  <datafield tag="020" ind1=" " ind2=" ">
    <subfield code="a">9780702120367</subfield>
  </datafield>
  <datafield tag="041" ind1=" " ind2=" ">
    <subfield code="a">English </subfield>
  </datafield>
  <datafield tag="082" ind1=" " ind2=" ">
    <subfield code="a">345 SOU</subfield>
  </datafield>
  <datafield tag="100" ind1=" " ind2=" ">
    <subfield code="a">Hoctor, SV ; Cowling, MG and Milton, JRL </subfield>
    <subfield code="l">English </subfield>
  </datafield>
  <datafield tag="245" ind1=" " ind2=" ">
    <subfield code="a">South African Criminal Law and Procedure / </subfield>
    <subfield code="c">SV Hoctor, MG Cowling and JRL Milton </subfield>
  </datafield>
  <datafield tag="250" ind1=" " ind2=" ">
    <subfield code="a">Second Edition </subfield>
  </datafield>
  <datafield tag="260" ind1=" " ind2=" ">
    <subfield code="a">Cape Town : </subfield>
    <subfield code="b">Juta and Company (Pty) Ltd, </subfield>
    <subfield code="c">1988</subfield>
  </datafield>
  <datafield tag="300" ind1=" " ind2=" ">
    <subfield code="b">x, </subfield>
    <subfield code="c">26 cm. </subfield>
  </datafield>
  <datafield tag="650" ind1=" " ind2=" ">
    <subfield code="a">Legal practice </subfield>
    <subfield code="b">Law </subfield>
  </datafield>
  <datafield tag="942" ind1=" " ind2=" ">
    <subfield code="c">BK</subfield>
    <subfield code="6">ALISON_BN_VRIES</subfield>
  </datafield>
  <datafield tag="999" ind1=" " ind2=" ">
    <subfield code="c">596</subfield>
    <subfield code="d">596</subfield>
  </datafield>
  <datafield tag="952" ind1=" " ind2=" ">
    <subfield code="0">0</subfield>
    <subfield code="1">0</subfield>
    <subfield code="2">ddc</subfield>
    <subfield code="3">Volume III: Statutory Offences (Part Two)</subfield>
    <subfield code="4">0</subfield>
    <subfield code="6">345_000000000000000_SOU</subfield>
    <subfield code="7">0</subfield>
    <subfield code="8">TXBK</subfield>
    <subfield code="9">731</subfield>
    <subfield code="a">LSN</subfield>
    <subfield code="b">LSN</subfield>
    <subfield code="c">CLP</subfield>
    <subfield code="d">2023-11-14</subfield>
    <subfield code="l">0</subfield>
    <subfield code="o">345 SOU</subfield>
    <subfield code="p">LSN/2016/3</subfield>
    <subfield code="r">2025-01-22 00:00:00</subfield>
    <subfield code="w">2023-11-14</subfield>
    <subfield code="y">BK</subfield>
  </datafield>
  <datafield tag="952" ind1=" " ind2=" ">
    <subfield code="0">0</subfield>
    <subfield code="1">0</subfield>
    <subfield code="2">ddc</subfield>
    <subfield code="3">Volume III: Statutory Offences (Part Two)</subfield>
    <subfield code="4">0</subfield>
    <subfield code="6">345_000000000000000_SOU</subfield>
    <subfield code="7">0</subfield>
    <subfield code="8">TXBK</subfield>
    <subfield code="9">732</subfield>
    <subfield code="a">LSN</subfield>
    <subfield code="b">LSN</subfield>
    <subfield code="c">CLP</subfield>
    <subfield code="d">2023-11-14</subfield>
    <subfield code="l">0</subfield>
    <subfield code="o">345 SOU</subfield>
    <subfield code="p">LSN/2016/23</subfield>
    <subfield code="r">2025-01-22 00:00:00</subfield>
    <subfield code="w">2023-11-14</subfield>
    <subfield code="y">BK</subfield>
  </datafield>
</record>
